000 01147pam a2200349 a 4500
001 4016037
003 OSt
005 20140310184409.0
008 970616s1998 nyua c 000 1 eng
010 _a 97018040
020 _a0439087961 (alk. paper)
040 _aDLC
_cDLC
_dDLC
042 _alcac
050 0 0 _aPZ 7
_b.R988 1999
100 1 _aRyan, Pam Muñoz.
_96034
245 1 0 _aRiding Freedom /
_cwritten by Pam Muñoz Ryan ; drawings by Brian Selznick.
250 _a1st ed.
260 _aNew York :
_bScholastic Press,
_c1999.
300 _a138 p. :
_bill. ;
_c24 cm.
521 _aG5
526 _c720
600 1 0 _aParkhurst, Charley,
_dd. 1879
_xJuvenile fiction.
_96056
600 1 1 _aParkhurst, Charley,
_dd. 1879
_xFiction.
_96057
650 1 _aMistaken identity
_xFiction.
_96058
651 1 _aCalifornia
_xHistory
_y1850-1950
_xFiction.
_96059
700 1 _aSelznick, Brian,
_eill.
_96060
906 _a7
_bcbc
_corignew
_d1
_eocip
_f19
_gy-gencatlg
942 _2lcc
_cBK-SCHOLAS
999 _c34083
_d34083